[Event "COL-ch U16"]
[Site "Villavicencio"]
[Date "2022.05.13"]
[Round "5"]
[White "Portilla Carranza, Matias"]
[Black "Lozano Grazt, Joseth Stiven"]
[Result "0-1"]
[WhiteElo "1108"]
[BlackElo "1105"]
[PlyCount "70"]
[EventDate "2022.05.11"]
[EventType "swiss"]
[EventRounds "9"]
[EventCountry "COL"]
[SourceTitle "CBM 208 Extra"]
[Source "ChessBase"]
[SourceDate "2022.07.31"]
[SourceVersion "1"]
[SourceVersionDate "2022.07.31"]
[SourceQuality "1"]

1. e4 e6 2. d4 d5 3. exd5 exd5 4. c4 Nf6 5. Nf3 Be6 6. Qb3 Nc6 7. Qxb7 Bd7 8. Qb3 Rb8 9. Qc2 Nb4 10. Qd1 Be7 11. a3 Nc6 12. Nc3 Bg4 13. b4 dxc4 14. Be3 Nd5 15. Nxd5 Qxd5 16. Be2 0-0 17. h3 Bh5 18. Rc1 Rfd8 19. Bxc4 Qe4 20. Bd3 Qd5 21. g4 Bg6 22. Bxg6 hxg6 23. h4 a5 24. Rh3 axb4 25. Qa4 Rd6 26. Rc5 Qe4 27. d5 Ne5 28. Nxe5 Qxe5 29. axb4 Rxd5 30. Qa7 Rbd8 31. Rxc7 Rd1+ 32. Ke2 R8d2+ 33. Kf3 Qd5+ 34. Kg3 Rg1+ 35. Kf4 Bd6# 0-1

[Event "COL-ch sf3 U08"]
[Site "Zipaquira"]
[Date "2017.03.31"]
[Round "2.1"]
[White "Portilla Carranza, Matias"]
[Black "Ortiz Serrato, Andres Javier"]
[Result "0-1"]
[WhiteElo "1397"]
[BlackElo "1292"]
[PlyCount "138"]
[EventDate "2017.03.30"]
[EventType "swiss"]
[EventRounds "6"]
[EventCountry "COL"]
[SourceTitle "EXT 2024"]
[Source "ChessBase"]
[SourceDate "2023.10.10"]
[SourceVersion "1"]
[SourceVersionDate "2023.10.10"]
[SourceQuality "1"]

1. e4 c5 2. Nf3 d6 3. Nc3 g6 4. Bc4 Bg7 5. Bb5+ Nc6 6. 0-0 a6 7. Bxc6+ bxc6 8. d3 Nf6 9. Bd2 d5 10. e5 Ng4 11. h3 Nxe5 12. Nxe5 Bxe5 13. Qe2 Bf6 14. Bh6 Bd7 15. Rfe1 e6 16. Qf3 Be7 17. Ne2 Qb6 18. b3 f5 19. Nf4 Bf6 20. Rab1 Kf7 21. c4 Rae8 22. a3 Re7 23. b4 dxc4 24. dxc4 cxb4 25. Rxb4 Qc7 26. c5 Be8 27. Reb1 g5 28. Rb7 Qxf4 29. Qxf4 gxf4 30. Bxf4 Rxb7 31. Rxb7+ Kf8 32. Bh6+ Kg8 33. Ra7 Bg6 34. Ra8+ Kf7 35. Rxh8 Bxh8 36. Be3 h5 37. g3 Be5 38. Bf4 Bxf4 39. gxf4 Kf6 40. Kg2 e5 41. fxe5+ Kxe5 42. Kf3 Kd5 43. Ke3 Kxc5 44. Kd3 Kb5 45. Kc3 Ka4 46. Kb2 c5 47. f3 c4 48. f4 a5 49. h4 c3+ 50. Kxc3 Kxa3 51. Kc2 a4 52. Kb1 Kb3 53. Ka1 Bf7 54. Kb1 Kc3 55. Kc1 Kd3 56. Kd1 a3 57. Kc1 Kc3 58. Kb1 Kd3 59. Kc1 Ke3 60. Kd1 a2 61. Kc2 Kxf4 62. Kb2 Kg4 63. Ka1 f4 64. Kb2 f3 65. Ka1 f2 66. Kb2 a1Q+ 67. Kxa1 f1Q+ 68. Kb2 Qc4 69. Ka3 Qb3# 0-1